Statistiques concernant Les 50 chaînes youtube ayant le plus d'abonnés

Cliquez ici pour prendre le quiz!

Statistiques générales

  • Ce quiz a été pris 36 fois
  • Le résultat moyen est 3 sur 50

Statistiques - réponses

Nombres d'abonnésChaîne% Correct
253MMrBeast
77%
111MPewDiePie
57%
264MT-Series
33%
174MCocomelon
13%
93.6MBLACKPINK
10%
60.1MDude Perfect
10%
53.7MA4
7%
54.1MAriana Grande
7%
54.5MEd Sheeran
7%
72.9MJustin Bieber
7%
50.6MMark Rober
7%
58.5MTaylor Swift
7%
80.6M5-Minute Crafts
3%
63.6MAaj Tak
3%
52.9MARY Digital HD
3%
77.9MBANGTANGTV
3%
56.5MBillionSurpriseToys
3%
91MChuChu TV
3%
72MColors TV
3%
59.5MEminem Music
3%
96.3MGoldmines
3%
53MHAR PAL GEO
3%
74.6MHYBE LABELS
3%
49.9MJuegaGerman
3%
121MKids Diana Show
3%
115MLike Nastya
3%
56.6MLooLoo Kids
3%
61.2MMovieClips
3%
80.3MPinkfong
3%
171MSET India
3%
53MShemaroo
3%
68.2MShemaroo Filmi Gaane
3%
59.9MSony Music India
3%
50MSonyMusicIndiaVEVO
3%
91.4MSony SAB
3%
65.4MTips Oficial
3%
54.9MToys and Colors
3%
67.3MT-Series Bhakti Saga
3%
117MVlad and Niki
3%
61.7MWave Music
3%
101MWWE
3%
53.9MZAMZAM ELECTRONICS
3%
106MZee Music Company
3%
79.7MZee TV
3%
67.1MCanal Kondzila
0%
63.8MEl Reino Infantil
0%
50.4MGet Movies
0%
61.6MInfobells
0%
57MMarshmello
0%
59.5MYRF
0%

Distribution des résultats

Percentile par nombre de réponses

% des personnes avec chaque résultat

Votre développement - résultats

Vous n’avez pas pris ce quiz